Guía heráldica de Cáceres (Record no. 13048)

MARC details
000 -LEADER
campo de control de longitud fija 00766nam a22002175i 4500
001 - NÚMERO DE CONTROL
campo de control 13048
003 - IDENTIFICADOR DE NÚMERO DE CONTROL
campo de control ES-MaACL
005 - FECHA Y HORA DE LA ÚLTIMA TRANSACCIÓN
campo de control 20230906150459.0
007 - CAMPO FIJO DE DESCRIPCIÓN FÍSICA--INFORMACIÓN GENERAL
campo de control de longitud fija t|
008 - DATOS DE LONGITUD FIJA--INFORMACIÓN GENERAL
campo de control de longitud fija 911211s1989 sp ||||0| spa
020 ## - NÚMERO INTERNACIONAL ESTÁNDAR DEL LIBRO
Número Internacional Estándar del Libro 84-85686-07-1
080 ## - NÚMERO DE LA CLASIFICACIÓN DECIMAL UNIVERSAL
Número de la Clasificación Decimal Universal 929.6(462.21 C.)
100 1# - ENTRADA PRINCIPAL--NOMBRE DE PERSONA
Nombre de persona Cordero Alvarado, Pedro.
9 (RLIN) 40517
245 10 - MENCIÓN DEL TÍTULO
Título Guía heráldica de Cáceres
Resto del título : (separata de mi obra inédita "Blasones y piedras nobles de la ciudad de Cáceres" /
Mención de responsabilidad, etc. autor, Pedro Cordero Alvarado ; fotografías, Félix Martín García.
260 ## - PUBLICACIÓN, DISTRIBUCIÓN, ETC.
Lugar de publicación, distribución, etc. [Madrid] :
Nombre del editor, distribuidor, etc. García-Plata,
Fecha de publicación, distribución, etc. [1989]
300 ## - DESCRIPCIÓN FÍSICA
Extensión 67 p. :
Otras características físicas il. ;
Dimensiones 21 cm.
504 ## - NOTA DE BIBLIOGRAFÍA, ETC.
Nota de bibliografía, etc. Bibliografía: p. 65.
650 14 - PUNTO DE ACCESO ADICIONAL DE MATERIA--TÉRMINO DE MATERIA
Término de materia o nombre geográfico como elemento de entrada Heráldica-
Subdivisión geográfica Cáceres.
9 (RLIN) 13314
700 1# - ENTRADA AGREGADA--NOMBRE PERSONAL
Nombre de persona Martín García, Félix.
9 (RLIN) 77502
852 ## - LOCALIZACIÓN
Ubicación ES-MaACL
Número de control de estantería L-20395
Holdings
Estatus retirado Estado de pérdida Estado de daño No para préstamo Biblioteca de origen Biblioteca actual Ubicación en estantería Fecha de adquisición Fuente de adquisición Total de préstamos Signatura topográfica completa Código de barras Visto por última vez Precio de reemplazo Tipo de ítem Koha
        Biblioteca del Ateneo de Madrid Biblioteca del Ateneo de Madrid Depósito 2 17/01/2008     L-20395 1013288 23/02/2023 23/02/2023 Libro impreso